Zwischen Menschwerdung und Geldwertung: Weihnachten im Spannungsfeld von religiöser Entleerung und ökonomischer Überformung

Saved in:  
Bibliographic Details
Main Author: Halbmayr, Alois 1961- (Author)
Format: Electronic Article
Language:German
Check availability: HBZ Gateway
Interlibrary Loan:Interlibrary Loan for the Fachinformationsdienste (Specialized Information Services in Germany)
Published: 2008
In: Theologisch-praktische Quartalschrift
Year: 2008, Volume: 156, Issue: 4, Pages: 346-355
Standardized Subjects / Keyword chains:B Christmas / Consumer society / Secularization
RelBib Classification:AD Sociology of religion; religious policy
RC Liturgy
Online Access: Volltext (kostenfrei)
Parallel Edition:Non-electronic

MARC

LEADER 00000naa a22000002c 4500
001 1962096580
003 DE-627
005 20260223075442.0
007 cr uuu---uuuuu
008 260223s2008 gw |||||o 00| ||ger c
024 7 |a 10.82519/thpq.v156i4.59566  |2 doi 
035 |a (DE-627)1962096580 
035 |a (DE-599)KXP1962096580 
040 |a DE-627  |b ger  |c DE-627  |e rakwb 
041 |a ger 
044 |c XA-DE 
084 |a 1  |2 ssgn 
100 1 |0 (DE-588)122107586  |0 (DE-627)08174062X  |0 (DE-576)182867196  |4 aut  |a Halbmayr, Alois  |d 1961- 
109 |a Halbmayr, Alois 1961- 
245 1 0 |a Zwischen Menschwerdung und Geldwertung  |b Weihnachten im Spannungsfeld von religiöser Entleerung und ökonomischer Überformung  |c Alois Halbmayr 
264 1 |c 2008 
336 |a Text  |b txt  |2 rdacontent 
337 |a Computermedien  |b c  |2 rdamedia 
338 |a Online-Ressource  |b cr  |2 rdacarrier 
500 |a Aufsatz 
506 |a [DE-21]Open Access  |e Controlled Vocabulary for Access Rights  |u http://purl.org/coar/access_right/c_abf2 
533 |a Reproduktion  |d 2025  |7 |2025|||||||||| 
540 |a [DE-21]Urheberrechtsschutz 1.0  |2 rs  |u https://rightsstatements.org/page/InC/1.0/?language=en 
652 |a AD:RC 
689 0 0 |d s  |0 (DE-588)4065075-3  |0 (DE-627)106120840  |0 (DE-576)209156597  |2 gnd  |a Weihnachten 
689 0 1 |d s  |0 (DE-588)4165119-4  |0 (DE-627)104482699  |0 (DE-576)209893168  |2 gnd  |a Konsumgesellschaft 
689 0 2 |d s  |0 (DE-588)4051238-1  |0 (DE-627)106178008  |0 (DE-576)209092149  |2 gnd  |a Säkularisierung 
689 0 |5 (DE-627) 
773 0 8 |i Enthalten in  |t Theologisch-praktische Quartalschrift  |d Regensburg : Verlag Friedrich Pustet, 1853  |g 156(2008), 4, Seite 346-355  |h Online-Ressource  |w (DE-627)1876739452  |w (DE-600)3175071-0  |7 nnas 
773 1 8 |g volume:156  |g year:2008  |g number:4  |g pages:346-355 
776 0 8 |i Elektronische Reproduktion von  |a Halbmayr, Alois, 1961 -   |t Zwischen Menschwerdung und Geldwertung  |d 2008  |w (DE-627)597796467  |w (DE-576)467151296  |k Non-Electronic 
856 4 0 |u https://doi.org/10.82519/thpq.v156i4.59566  |x Digitalisierung  |z kostenfrei  |3 Volltext  |7 0 
889 |w (DE-627)1864781564 
935 |a mteo  |a DTH5 
935 |i mdedup 
935 |i Blocktest 
951 |a AR 
ELC |a 1 
ITA |a 1  |t 1 
LOK |0 000 xxxxxcx a22 zn 4500 
LOK |0 001 4921243328 
LOK |0 003 DE-627 
LOK |0 004 1962096580 
LOK |0 005 20260223075442 
LOK |0 008 260223||||||||||||||||ger||||||| 
LOK |0 040   |a DE-Tue135  |c DE-627  |d DE-Tue135 
LOK |0 092   |o n 
LOK |0 852   |a DE-Tue135 
LOK |0 852 1  |9 00 
LOK |0 935   |a ixzs 
LOK |0 936ln  |0 1442053062  |a RC 
LOK |0 936ln  |0 1442043016  |a AD 
LOK |0 939   |a 23-02-26  |b l01 
OAS |a 1 
ORI |a TA-MARC-ixtheoa001.raw 
REL |a 1 
STA 0 0 |a Christmas,Christmas,Christmas in literature,Consumer society,Consumer society,Secularization,Secularization,Secularization,Order,Order,Order 
STB 0 0 |a Noël,Noël,Société de consommation,Société de consommation,Sécularisation,Sécularisation,Sécularisation,Laïcité,Laïcité,Déchristianisation,Laïcité (motif),Laïcité 
STC 0 0 |a Navidad,Navidad,Secularización,Secularización,Secularización,Sociedad de consumo,Sociedad de consumo 
STD 0 0 |a Natale,Natale,Secolarizzazione,Secolarizzazione,Secolarizzazione,Società dei consumi,Società dei consumi 
STE 0 0 |a 世俗化,世俗化,俗化,俗化,圣诞节,圣诞节,圣诞节,圣诞节,消费社会,消费社会 
STF 0 0 |a 世俗化,世俗化,俗化,俗化,消費社會,消費社會,聖誕節,聖誕節,耶誕節,耶誕節 
STG 0 0 |a Natal,Natal,Secularização,Secularização,Secularização,Sociedade de consumo,Sociedade de consumo 
STH 0 0 |a Общество потребления (мотив),Общество потребления,Рождество (мотив),Рождество,Секуляризация (мотив),Секуляризация (каноническое право),Секуляризация 
STI 0 0 |a Εκκοσμίκευση (μοτίβο),Εκκοσμίκευση (Κανονικό δίκαιο),Εκκοσμίκευση,Καταναλωτική κοινωνία (μοτίβο),Καταναλωτική κοινωνία,Χριστούγεννα (μοτίβο),Χριστούγεννα 
SUB |a REL 
SYG 0 0 |a Weihnacht,Weihnacht,Weihnachtsfest,Christfest,Christmas , Wegwerfgesellschaft , Saecularisatio,Ordensausschluss,Ordensaustritt,Orden,Orden,Entchristlichung,Entkirchlichung,Verweltlichung